|
|
|
|
| LEADER |
02705nam a2200745 i 4500 |
| 001 |
nkc20193123798 |
| 003 |
CZ PrNK |
| 005 |
20221207235013.0 |
| 007 |
ta |
| 008 |
190821s2019 xr f 000 0dcze |
| 015 |
|
|
|a cnb003123798
|
| 020 |
|
|
|a 978-80-906325-3-0
|q (brožováno)
|
| 035 |
|
|
|a (OCoLC)1127260307
|
| 040 |
|
|
|a OLA001
|b cze
|e rda
|
| 043 |
|
|
|a aw-----
|
| 045 |
|
|
|a e-e-
|
| 072 |
|
7 |
|a 2-23/-27
|x Bible. Biblistika
|2 Konspekt
|9 5
|
| 080 |
|
|
|a 27-246
|2 MRF
|
| 080 |
|
|
|a 27-236.5
|2 MRF
|
| 080 |
|
|
|a 910.4
|2 MRF
|
| 080 |
|
|
|a 796.51+2-57
|2 MRF
|
| 080 |
|
|
|a 27-278
|2 MRF
|
| 080 |
|
|
|a 2-231
|2 MRF
|
| 080 |
|
|
|a 13
|2 MRF
|
| 080 |
|
|
|a 94(32/398)
|2 MRF
|
| 080 |
|
|
|a (0:82-992)
|2 MRF
|
| 080 |
|
|
|a (048.8)
|2 MRF
|
| 080 |
|
|
|a (0:82-4)
|2 MRF
|
| 100 |
1 |
|
|a Havelka, Ondřej,
|d 1980-
|7 xx0057847
|4 aut
|
| 245 |
1 |
0 |
|a Nový zákon pohledem cestovatele :
|b Bible jako cestopis odhalující směr a smysl Cesty do nebeského Jeruzaléma : teologie cestování na pozadí novozákonních textů /
|c Ondřej Havelka
|
| 250 |
|
|
|a První vydání
|
| 264 |
|
1 |
|a Praha :
|b Akbar,
|c 2019
|
| 300 |
|
|
|a 171 stran ;
|c 18 cm
|
| 336 |
|
|
|a text
|b txt
|2 rdacontent
|
| 337 |
|
|
|a bez média
|b n
|2 rdamedia
|
| 338 |
|
|
|a svazek
|b nc
|2 rdacarrier
|
| 630 |
0 |
7 |
|a Bible.
|p Nový zákon
|7 unn2006374670
|2 czenas
|
| 630 |
0 |
9 |
|a Bible.
|p New Testament
|2 eczenas
|
| 648 |
|
7 |
|a 1. století
|7 ch460539
|2 czenas
|
| 650 |
0 |
7 |
|a biblické události
|7 ph138437
|y 1. století
|2 czenas
|
| 650 |
0 |
7 |
|a biblické postavy
|7 ph118857
|y 1. století
|2 czenas
|
| 650 |
0 |
7 |
|a cestování
|7 ph119114
|x duchovní aspekty
|2 czenas
|
| 650 |
0 |
7 |
|a putování
|7 ph899498
|2 czenas
|
| 650 |
0 |
7 |
|a biblická interpretace
|7 ph118847
|2 czenas
|
| 650 |
0 |
7 |
|a biblické citáty
|7 ph118853
|2 czenas
|
| 650 |
0 |
9 |
|a Biblical events
|y 1st century
|2 eczenas
|
| 650 |
0 |
9 |
|a Bible persons
|y 1st century
|2 eczenas
|
| 650 |
0 |
9 |
|a travelling
|x spiritual aspects
|2 eczenas
|
| 650 |
0 |
9 |
|a wayfaring
|2 eczenas
|
| 650 |
0 |
9 |
|a Biblical interpretation
|2 eczenas
|
| 650 |
0 |
9 |
|a Biblical quotations
|2 eczenas
|
| 651 |
|
7 |
|a biblické země
|7 ge131489
|x dějiny
|2 czenas
|
| 651 |
|
9 |
|a Bible countries
|x history
|2 eczenas
|
| 655 |
|
7 |
|a cestopisy
|7 fd131956
|2 czenas
|
| 655 |
|
7 |
|a studie
|7 fd133597
|2 czenas
|
| 655 |
|
7 |
|a úvahy
|7 fd134000
|2 czenas
|
| 655 |
|
9 |
|a books of travels
|2 eczenas
|
| 655 |
|
9 |
|a studies
|2 eczenas
|
| 655 |
|
9 |
|a essays
|2 eczenas
|
| 856 |
4 |
1 |
|u http://www.digitalniknihovna.cz/mzk/uuid/uuid:dd473c00-d035-11ec-aafc-005056827e52
|y Digitalizovaný dokument
|x NDK
|
| 910 |
2 |
|
|a BOA001
|b 1-1435.192
|
| 990 |
|
|
|a BK
|
| 995 |
|
|
|a 01
|
| 991 |
|
|
|b 201909
|c NOV
|
| 996 |
6 |
|
|b 2610795284
|c 1-1435.192
|l MZK
|r Sklad / do 1 hodiny
|n 0
|p p.v.
|w 001755138
|u 000010
|a 1
|e BOA001
|j MZK50
|s P
|